000 00882nam a2200217 a 4500
001 BRCA_399
005 20190320203007.0
008 801009s1978 sp-a---##b---#000-0#spa-#
020 _a8440043619
040 _aDLC
_cDLC
_dDLC
050 4 _aNK4123
_b.M37 1978
100 1 _aMartínez Caviró, Balbina
_91348
245 1 0 _aCerámica española en el Instituto Valencia de Don Juan
_bPaterna, Aragón, Cataluña, ´Cuerda Seca´, Talavera de la Reina, Alcora, Manises
_cpor Balbina Martínez Caviró.
260 _aMadrid
_bInstituto Valencia de Don Juan
_c1978
300 _a200 p.
_bil. (algunas a color)
_c19 cm.
500 _aPublicado en 1968 bajo el título: Catálogo de cerámica española
504 _aBibliografía : p. [197]-200
610 2 4 _aInstituto de Valencia de Don Juan
_vCatálogos
_zEspaña
_91349
650 1 4 _aCerámica española
_vCatálogos
_91350
942 _2lcc
_cB
999 _c334
_d334